[Event "Medellin Raza Menor 2100 op"]
[Site "Medellin"]
[Date "2010.11.12"]
[Round "3.1"]
[White "Salazar, Monica Maria"]
[Black "Castano, Jhon Edison"]
[Result "0-1"]
[WhiteElo "1883"]
[BlackElo "2076"]
[PlyCount "78"]
[EventDate "2010.11.12"]
[EventType "swiss"]
[EventRounds "7"]
[EventCountry "COL"]
[SourceTitle "EXT 2024"]
[Source "ChessBase"]
[SourceDate "2023.10.10"]
[SourceVersion "1"]
[SourceVersionDate "2023.10.10"]
[SourceQuality "1"]

1. e4 c5 2. Nf3 Nc6 3. d4 cxd4 4. Nxd4 Nf6 5. Nc3 d6 6. Be3 e6 7. f3 Be7 8. Qd2 0-0 9. 0-0-0 a6 10. g4 Nxd4 11. Bxd4 b5 12. g5 Nd7 13. h4 Bb7 14. a3 Qc7 15. Kb1 Rac8 16. Rg1 Ne5 17. Qe3 Nc4 18. Bxc4 Qxc4 19. b3 Qc6 20. Kb2 a5 21. Bf6 Rfe8 22. Rd2 Bf8 23. Bd4 d5 24. h5 b4 25. Na4 bxa3+ 26. Ka2 dxe4 27. g6 fxg6 28. hxg6 h6 29. f4 Ba6 30. Rf2 Bb4 31. c3 Bf8 32. Nb6 Rb8 33. c4 a4 34. c5 Rxb6 35. cxb6 axb3+ 36. Ka1 Bd3 37. Rc1 b2+ 38. Bxb2 axb2+ 39. Rxb2 Ra8+ 0-1

[Event "Medellin Raza Menor 2100 op"]
[Site "Medellin"]
[Date "2010.11.12"]
[Round "5.1"]
[White "Sierra Mejia, Juan Pablo"]
[Black "Castano, Jhon Edison"]
[Result "0-1"]
[WhiteElo "1886"]
[BlackElo "2076"]
[PlyCount "60"]
[EventDate "2010.11.12"]
[EventType "swiss"]
[EventRounds "7"]
[EventCountry "COL"]
[SourceTitle "EXT 2024"]
[Source "ChessBase"]
[SourceDate "2023.10.10"]
[SourceVersion "1"]
[SourceVersionDate "2023.10.10"]
[SourceQuality "1"]

1. d4 Nf6 2. Bg5 Ne4 3. Bh4 d5 4. f3 Nd6 5. Nd2 Bf5 6. c4 c6 7. cxd5 cxd5 8. Qb3 Nc6 9. e3 Qa5 10. Rc1 e5 11. Rc5 Qb6 12. Bb5 exd4 13. exd4 Nxb5 14. Rxb5 Qxd4 15. Bf2 Qd3 16. Rxb7 Bd6 17. Qxd3 Bxd3 18. Ne2 0-0 19. Nc3 Ne5 20. Nxd5 Ba6 21. Rb3 Nd3+ 22. Rxd3 Bxd3 23. Be3 Rab8 24. b3 Rbc8 25. Kf2 Rc2 26. a4 Rb8 27. b4 Bc4 28. Nf4 Bxb4 29. Rb1 Rxd2+ 30. Bxd2 Bc5+ 0-1

[Event "Medellin IRT op 17th"]
[Site "Medellin"]
[Date "2010.08.08"]
[Round "8"]
[White "Tovio, Israel"]
[Black "Castano, Jhon Edison"]
[Result "1-0"]
[WhiteElo "2308"]
[BlackElo "2059"]
[PlyCount "69"]
[EventDate "2010.08.04"]
[EventType "swiss"]
[EventRounds "9"]
[EventCountry "COL"]
[SourceTitle "EXT 2012"]
[Source "ChessBase"]
[SourceDate "2011.11.24"]
[SourceVersion "1"]
[SourceVersionDate "2011.11.24"]
[SourceQuality "1"]

1. e4 c5 2. Nf3 d6 3. Bb5+ Bd7 4. Bxd7+ Nxd7 5. 0-0 Ngf6 6. Qe2 e6 7. d4 cxd4 8. Nxd4 Be7 9. c4 0-0 10. Nc3 Rc8 11. Rd1 a6 12. Be3 Qa5 13. Rac1 Rfd8 14. b3 d5 15. exd5 exd5 16. Nf5 Ba3 17. Nxd5 Bxc1 18. Nde7+ Kh8 19. Bxc1 Rc5 20. Nd6 Rf8 21. Bf4 Qb4 22. Ndf5 Ra5 23. Bd6 Qc3 24. Nd5 Re8 25. Qxe8+ Nxe8 26. Nxc3 Rxf5 27. Bg3 Nef6 28. f3 g5 29. Ne4 Kg7 30. Nd6 Ra5 31. a4 b6 32. Be1 Re5 33. Bc3 Re2 34. Ne4 Kg6 35. Rd6 1-0